Charakteristika Žilinského kraja

Všeobecné charakteristiky Žilinského kraja. Geografické a demografické východiská. Ekonomické a sociálne špecifiká.

Salvato in:
Dettagli Bibliografici
Autore principale: Chovanová, Oľga
Natura: Capitolo di libro
Lingua:slovacco
Soggetti:
Tags: Aggiungi Tag
Nessun Tag, puoi essere il primo ad aggiungerne!!

MARC

LEADER 00000naa$a2200000$$$4500
001 0089298
005 20220715093646.3
041 0 |a slo 
044 |a SK 
245 1 0 |a Charakteristika Žilinského kraja  |c Oľga Chovanová 
520 |a Všeobecné charakteristiky Žilinského kraja. Geografické a demografické východiská. Ekonomické a sociálne špecifiká. 
610 2 0 |a demografia 
610 2 0 |a produkt domáci hrubý 
610 2 0 |a investície 
610 2 0 |a priemysel 
610 2 0 |a stavebníctvo 
610 2 0 |a doprava 
610 2 0 |a tržby 
610 2 0 |a školstvo 
610 2 0 |a kultúra 
610 2 0 |a regióny 
610 2 0 |a Slovensko 
100 1 |a Chovanová, Oľga